logo

Bir Sreshtho Munshi Abdur Rouf Library
Jhenaidah Cadet College

বুগাবুগা / (Record no. 4720)

MARC details
000 -LEADER
fixed length control field 00711nam a2200229 a 4500
001 - CONTROL NUMBER
JCCL Control Number 4720
003 - CONTROL NUMBER IDENTIFIER
JCCL marc code BD-JhCC
005 - DATE AND TIME OF LATEST TRANSACTION
control field 20191003134017.0
008 - FIXED-LENGTH DATA ELEMENTS--GENERAL INFORMATION
fixed length control field 171115s2015 bg a|||| ||a| 000 0 ben d
020 ## - INTERNATIONAL STANDARD BOOK NUMBER
International Standard Book Number 9847016200427
035 ## - SYSTEM CONTROL NUMBER
system control number (BD-JhCC) 4720
040 ## - CATALOGING SOURCE
Original cataloging agency BD-JhCC
Modifying agency BD-JhCC
041 ## - LANGUAGE CODE
Language code of Book ben
082 ## - DEWEY DECIMAL CLASSIFICATION NUMBER
Author mark and Year IQB 2015
Classification number 891.4435
100 ## - MAIN ENTRY--PERSONAL NAME
Personal name ইকবাল,মুহাম্মদ জাফর
245 ## - TITLE STATEMENT
Title বুগাবুগা /
Statement of responsibility, etc মুহাম্মদ জাফর ইকবাল
260 ## - PUBLICATION, DISTRIBUTION, ETC. (IMPRINT)
Place of publication, distribution, etc ঢাকা :
Name of publisher, distributor, etc পার্ল পাবলিকেশন্স,
Date of publication, distribution, etc ২০১৫.
300 ## - PHYSICAL DESCRIPTION
Pagination 40 p. :
Dimensions 24 cm.
Other physical details ill. ;
650 ## - SUBJECT ADDED ENTRY--TOPICAL TERM
Topical term or geographic name as entry element Bengali Stories
942 ## - ADDED ENTRY ELEMENTS (KOHA)
Source of classification or shelving scheme Dewey Decimal Classification
Koha item type Books
Koha issues (borrowed), all copies 3
Holdings
Source of classification or shelving scheme Damaged status Not for loan Home library Current library Shelving location Date of accession Source of acquisition Cost, normal purchase price Total Checkouts Full call number Barcode Date last seen Date checked out Copy number Koha item type
Dewey Decimal Classification     JCC Rouf Library JCC Rouf Library General Stacks 11/30/2017 IPDC 150.00 2 891.4435 IQB 2015 6717 11/05/2019 10/03/2019 C-1 Books

JCC Library | Contacts | JCC Home

Last Update on 23 September 2017
Copyright @ 2017-2020 JCC Rouf Library
Rouf Library, Jhenidah Cadet College (JCC), Bangladesh